000 00411cam a2200181 4500
001 D14682
008 090401t1947 xxu||||| |||| 00| 0 eng d
035 _a(Sirsi) u17338
041 _aeng
050 _a634.9
100 _aEdlin, H.L.
245 _aForestry and woodland life
260 _aLondon
_bBatsford
_c1947
300 _aviii. 184p. ill. 22cm
350 _a0
942 _n0
948 _c04/03/1997
999 _c87497
_d87497